[Event "Mermaid Beach Club"]
[Site "Bermuda"]
[Date "1999.01.27"]
[Round "7"]
[White "Teplitsky, Yan"]
[Black "Gretarsson, Helgi Ass"]
[Result "1/2-1/2"]
[WhiteElo "2453"]
[BlackElo "2459"]
[Annotator "Ribli,Z"]
[PlyCount "98"]
[EventDate "1999.01.21"]
[EventType "tourn"]
[EventRounds "13"]
[EventCountry "BER"]
[EventCategory "9"]
[SourceTitle "CBM 069"]
[Source "ChessBase"]
[SourceDate "1999.04.01"]
[SourceVersion "1"]
[SourceVersionDate "1999.04.01"]
[SourceQuality "1"]

1. c4 e5 2. Nc3 Nf6 3. Nf3 Nc6 4. g3 d5 5. cxd5 Nxd5 {Das ist eigentlich eine
Sizilianische Drachenvariante, aber mit vertauschten Farben. Schwarz steht
stark im Zentrum, während Weiß die Initiative am Damenflügel hat.} 6. Bg2 Nb6 {
Schwarz muß so spielen, denn nach 6...Be6 kommt Weiß mit 7.0-0 und 8.d4.} 7.
O-O Be7 8. a4 {Dieser Zug bietet Weiß keinen Eröffnungsvorteil. Seine
Alternativen 9.a3, 9.d3, 9.b3 sind alle gefährlicher für Schwarz.} a5 {[%csl
Yb4] Jetzt ist das Feld b4 eine ewige Schwäche im weißen Lager.} 9. d3 (9. d4
exd4 10. Nb5 O-O $5 11. Nfxd4 $6 (11. Nbxd4 $5 Nxd4 12. Nxd4 $1) 11... Nb4 $1 (
11... Nxd4 12. Nxd4 (12. Qxd4 Qxd4 13. Nxd4 c6 14. e4 Rd8 15. Ne2 Be6 16. Nc3
Bb4 17. h4 Bc4 18. Re1 Bb3 19. Re3 Nxa4 20. Nxa4 Bxa4 21. Rxa4 Rd1+ 22. Kh2
Rxc1 {0-1 Silva,F-Zhu Chen/POR-CHN m 1996/EXT 98 (39)}) 12... c6 13. e3 Bf6 14.
Qh5 Qe7 $5 15. Bd2 $6 (15. b3 $5 $11 {Bareev,E}) 15... Rd8 16. Rfc1 Nd5 17. Rc4
g6 18. Qf3 c5 19. Nb3 b6 20. e4 Ba6 $15) 12. e4 c6 13. Nc3 Bf6 $15 14. Nb3 (14.
Nde2 Be6 15. Be3 Nc4 16. Bc5 Re8 17. Nf4 Nxb2 18. Qxd8 Raxd8 19. Nxe6 fxe6 20.
Bxb4 axb4 21. Nd1 Nc4 {0-1 Ribeiro,R-Joshi,S/Ubeda 1998/CBM 62 ext (27)}) 14...
Nc4 {1/2-1/2 Skembris,S-Kotronias,V/Greece (ch) 1994/Inf 60/[Skembris,S] (39)})
9... Be6 10. Be3 {[%cal Ge3b6] In einigen Varianten kann Weiß Bxb6 spielen
oder besser auch Nc3-e4-Nc5.} Nd5 {Logischerweise tauscht Schwarz seinen
bekanntermaßen schlechten Springer b6.} 11. Nxd5 Bxd5 12. Rc1 (12. Nd2 Bxg2 13.
Kxg2 O-O 14. Qb3 Bb4 15. Ne4 Nd4 16. Bxd4 exd4 17. Rac1 c6 18. Qc4 Kh8 19. Rc2
Qd7 20. Nc5 Bxc5 21. Qxc5 Rfe8 22. Re1 Re6 23. e4 dxe3 24. Rxe3 Rxe3 25. Qxe3
Re8 26. Qf3 Re6 27. Rc4 {1/2-1/2 Hanken,J-Waitzkin,J/US National op 1994/EXT
97 (47)}) 12... O-O 13. Nd2 $11 {[%cal Gc1c7] Weiß hat etwas Initiative am
Damenflügel, aber sein Feld b4 ist schwach.} (13. Bc5 f6 14. e4 Be6 15. d4 exd4
16. Nxd4 Nxd4 17. Bxd4 c6 18. e5 fxe5 19. Bxe5 Qxd1 20. Rcxd1 Rfd8 {1/2-1/2
Vehreschild,A-Vannerom,R/Huy 1993/EXT 97 (37)}) 13... Bxg2 14. Kxg2 Nd4 (14...
Qd5+ 15. f3 f5 (15... Rfd8) 16. Qb3 $11) 15. Bxd4 exd4 {Schwarz übt
positionellen Druck aus, aber der weiße Springer findet gute Felder.} (15...
Qxd4 $2 16. Rxc7 Qxb2 17. Nc4 Qb4 18. Qa1 {[%csl Rb4,Re5][%cal Rf1b1,Rb1b4]} (
18. Nxe5 Qd6 $17)) 16. Nf3 Bb4 {[%csl Gb4]} 17. Qc2 c5 (17... c6 $6 18. Qc4 c5)
18. e3 $8 {Nach diesem Zug wird der weiße d-Bauer schwach, aber Weiß kann
diese Befreiungsmöglichkeit vermeiden, sonst kommt Schwarz mit ...Re8, ...Ra6,
...Rae6 und der e-Bauer bleibt langfristig schwach.} dxe3 19. fxe3 Qd7 $15 {
[%csl Rd3,Re3]} (19... Re8) 20. e4 b5 $6 {Dieser Zug ist mir zu direkt und
nach Vereinfachungen ist es leichter für Weiß, seine Stellung zu verteidigen.}
(20... Rad8 $15) 21. axb5 Qxb5 22. Ne5 $11 {[%cal Ge5c4]} a4 (22... Rae8 23.
Nc4 Rd8 $11) 23. Ra1 a3 (23... Ra7 $11) 24. bxa3 Rxa3 25. Rxa3 Bxa3 26. Rf2 $14
(26. Nc4 $14) (26. Rxf7 $6 Rxf7 27. Nxf7 Kxf7 28. Qa2+ {[%cal Ra2f7,Ra2a3]} c4
29. Qxa3 cxd3 $15 {[%csl Gd3]}) 26... Bb4 27. Qb3 {[%csl Gb3,Ge5,Gf2,Rf7,Rg8]}
Qe8 28. Qd5 {[%csl Rb4,Gd5,Ge5] Weiß hat gut zentralisierte Figuren und der
Läufer auf b4 steht passiv.} Qe7 29. Rf3 g6 30. Nc6 Qe6 31. Qxe6 $6 (31. d4 $5
$36 {[%csl Rb4] Nach diesem Zug hat der schwarze Läufer Probleme. Weiß kann
eventuell Rb3 spielen, während es für Schwarz nicht einfach ist, sich zu
befreien.} Re8 32. Qxe6 Rxe6 (32... fxe6 33. Rb3 {[%csl Rb4]}) 33. d5) 31...
fxe6 32. Rxf8+ (32. d4 Ra8 $11) 32... Kxf8 33. Ne5 (33. Nxb4 $4 cxb4 $19 {
[%csl Gb4]}) 33... Ke7 34. Kf3 {Theoretisch steht Weiß in diesem Endspiel
besser, denn er kann Nc4 mit ausgezeichneter Blockadestellung spielen, aber
mir scheint dieser Vorteil nicht einfach, wenn überhaupt, verwertbar zu sein.}
Bc3 35. Nc4 {[%csl Gc4]} Kf6 36. Kf4 g5+ 37. Kf3 h5 38. h3 (38. g4 $5 {[%mdl
4128]}) (38. Ke2 g4 $11) 38... Bd4 39. g4 hxg4+ (39... h4 $6 {Das wäre zum
Vorteil des Weißen, denn Schwarz muß, wenn möglich, Bauern tauschen.}) 40. hxg4
Bc3 $11 41. Ke2 {[%cal Ge2d1,Gd1c2,Gc2b3,Gb3a4,Ga4b5] Schwarz kann mit seinem
König nirgens eindringen, so daß Weiß mit dem Königsmanöver Richtung
Damenflügel beginnt.} Bd4 42. Kd1 Ke7 43. Kc2 Kd7 44. Kb3 Kc6 45. Ka4 Bc3 {
[%csl Gc3]} 46. Na3 (46. Na5+ $2 Bxa5 $1 (46... Kb6) 47. Kxa5 c4 48. Kb4 (48.
dxc4 Kc5 $19 {[%csl Ra5]}) 48... cxd3 49. Kc3 e5 50. Kxd3 Kb5 51. Kc3 Kc5 $19)
46... Bb4 47. Nc4 (47. Nc2 Bc3 $11) 47... Bc3 48. Kb3 Bd4 (48... Kb5 49. Nd6+
Kc6 50. Nf7 Bf6 51. Kc4 $14 {[%csl Gc4]}) 49. Na3 Kd6 {[%cal Rd6e5,Re5f4,Rf4g4]
Und hier wurde remis gegeben.Theoretisch steht Weiß etwas besser, aber er
kommt nicht voran.} (49... Kd6 50. Nc4+ $11) 1/2-1/2

[Event "Hoogovens"]
[Site "Wijk aan Zee"]
[Date "1999.01.23"]
[Round "6"]
[White "Ivanchuk, Vassily"]
[Black "Anand, Viswanathan"]
[Result "1/2-1/2"]
[WhiteElo "2714"]
[BlackElo "2784"]
[Annotator "Ribli,Z"]
[PlyCount "47"]
[EventDate "1999.01.16"]
[EventType "tourn"]
[EventRounds "13"]
[EventCountry "NED"]
[EventCategory "17"]
[SourceTitle "CBM 069"]
[Source "ChessBase"]
[SourceDate "1999.04.01"]
[SourceVersion "1"]
[SourceVersionDate "1999.04.01"]
[SourceQuality "1"]

1. c4 e5 2. Nc3 Nf6 3. Nf3 Nc6 4. g3 Bc5 5. Nxe5 $5 {Eine selten gespielte
Fortsetzung. 5.Bg2 führt zu ruhigem Spiel. Ribli.} (5. Bg2 d6 6. d3 h6 7. O-O
O-O 8. a3 a5 9. e3 (9. b3 Nd4 $5 10. Ne1 (10. Bb2) 10... c6 11. e3 Nf5 12. Ne4
Bb6 13. Bb2 Nxe4 14. dxe4 Ne7 15. a4 Be6 16. Nd3 f6 17. Ba3 Ng6 18. Qe2 Qe7 19.
Kh1 Rfd8 20. f4 {1/2-1/2 Gelfand,B-Anand,V/Beograd 1997/Inf 71 (20)}) 9... Bf5
(9... Bb6 10. b3 Bf5 11. h3 Qd7 12. Kh2 Rae8 $5 $146 13. Bb2 Bh7 14. Qd2 e4 15.
dxe4 Nxe4 16. Nxe4 Bxe4 $11 {Ibragimov,I-Onischuk,A/Kazan 1997/Inf 71 (16)})
10. b3 Ba7 11. Bb2 Qd7 12. Rc1 Bh3 13. d4 Bxg2 14. Kxg2 exd4 15. exd4 Ne7 16.
d5 Nh7 17. Qd3 Ng6 18. Rce1 Rfe8 19. Nb5 Bb6 20. Nbd4 Bxd4 21. Qxd4 Nf6 22. Qd1
Ne4 23. Nd4 c6 24. h3 {1/2-1/2 Bareev,E-Dautov,R/Elista 1998/CBM 66 ext (24)})
5... Bxf2+ (5... Nxe5 $5 6. d4 Bd6 (6... Qe7 7. dxe5 Ng4 8. e3 Nxe5 9. Bg2 $14
Nxc4 $6 10. Nd5 $40) 7. dxe5 (7. c5 Qe7 8. dxe5 (8. cxd6 Nf3#) 8... Bxe5 $15)
7... Bxe5 8. Bg2 $11) 6. Kxf2 Nxe5 7. e4 {Weiß besitzt das Läuferpaar und
möchte mit 8.d4 die Herschafft im Zentrum erobern. Andererseits steht der
weiße König auf f2 unsicher und Schwarz kommt daher immer zu guten taktischen
Gegenchancen.} (7. b3 d5 8. d4 Nc6 9. h3 O-O 10. Bg2 dxc4 11. d5 Ne5 12. Qd4
Nfd7 13. Bf4 Qf6 14. Rhd1 Nd3+ 15. Rxd3 cxd3 16. Qxf6 Nxf6 17. e4 c6 18. d6 Be6
19. Rd1 {1/2-1/2 Topalov,V-Karpov,A/Monte Carlo 1997/CBM 57 ext (59)}) 7... c5
8. d4 {Weiß öffnet seinem Läuferpaar die Stellung.} (8. d3 O-O (8... d6 9. h3
O-O $5 (9... h5 $6 10. Be2 Nh7 11. Kg2 h4 12. g4 Ng5 13. Be3 $14 {in der alten
Partie Botwinnik,M. - Keres,P. Moskau 1966.}) 10. Be2 Ne8 11. Kg2 Nc7 $11) 9.
h3 d6 10. Kg2 Bd7 11. Bf4 Bc6 12. Be2 Ne8 13. Qd2 Nc7 14. b4 cxb4 15. Nd5 a5
16. a3 bxa3 17. Rxa3 b5 18. Rha1 a4 19. cxb5 Nxb5 20. Rxa4 Rxa4 21. Rxa4 Nc7
22. Ra5 Ne6 23. Be3 h6 $13 {0-1 Contin,D-Godena,M/Montecatini Terme 1997/EXT
99 (39)}) (8. Be2 d6 9. h3 O-O 10. d3 Be6 11. Kg2 Nfd7 12. d4 cxd4 13. Qxd4 Qc7
14. b3 Rad8 15. Nb5 $16 Qa5 16. Bd2 Qa6 17. Bg5 {Und Weiß hat positionelles
Übergewicht, denn der d6-Bauer ist schwach. (Chernin,A. - Groszpeter,A.Österr.
Mannschaftmeisterschaft 1998/1999).}) 8... cxd4 9. Qxd4 O-O 10. Bf4 (10. Qxe5
$4 Ng4+ $19 {[%cal Rg4f2,Rg4e5]}) 10... d6 {Beide Spieler haben strukturelle
Probleme. Der d6-Bauern ist ebenso schwach wie der weiße e4-Bauer.} 11. h3 {
Weiss vermeidet die Möglichkeit Ng4,oder Bg4.Ribli.} Be6 12. Be2 Qc8 {[%csl
Rc4]} 13. Rac1 {[%cal Gc1c8]} Bxh3 {Riskant oder nicht: Schwarz muß Gegenspiel
erlangen. Sonst spielt Weiß 14. Kg2 oder 14.Nd5 mit klarem Vorteil.} 14. Nd5
Qe6 $8 {Diese Fortsetzung wurde sehr schnell gespielt. Schwarz opfert
zeitweilig die Qualität, aber bekommt ernsthaftes Gegenspiel.} (14... Nxd5 15.
cxd5 Qd7 16. Bxe5 dxe5 17. Qxe5 $18 {[%csl Rh3][%cal Re5h5,Rh1h7,Rc1c7,Rc7d7]})
15. Nc7 {[%cal Rc7e6,Rc7a8]} Qe7 16. Nxa8 Nc6 $13 {[%csl Rf2][%cal Rc6d4,Rf6e4,
Re4f2]} 17. Qe3 Nxe4+ 18. Kf3 {Nach dem Textzug bekommt Schwarz Ausgleich,
aber die Alternativen sind für ihn gefährlich.} (18. Kg1 Bf5 19. c5 $5) (18.
Ke1 $5) 18... Bf5 $5 (18... Ne5+ 19. Bxe5 Qxe5 20. Nc7 (20. Qxe4 Bg2+ 21. Kxg2
Qxe4+ 22. Bf3 Qe7 $19 {[%csl Ra8][%cal Rf8a8]}) 20... Rc8 21. Nd5 Qxg3+ 22.
Kxe4 Re8+ 23. Kd3 Rxe3+ 24. Nxe3 Bf5+ 25. Kd2 $13) 19. Bd3 Re8 20. Rhe1 (20. g4
$13) 20... Qd8 {[%cal Ge8e3]} 21. Kg2 (21. Qg1 $6 Ne5+ 22. Bxe5 Ng5+ 23. Kg2
Bxd3 $36) 21... Qxa8 $44 22. Qf3 $1 Nd4 23. Qe3 Nc6 24. Qf3 {[%mdl 576] und
Remis wegen Stellungswiederholung.} 1/2-1/2

[Event "North Sea Cup 15th"]
[Site "Esbjerg"]
[Date "2000.07.07"]
[Round "1"]
[White "Gulko, Boris F"]
[Black "Hansen, Curt"]
[Result "0-1"]
[WhiteElo "2643"]
[BlackElo "2613"]
[Annotator "Ribli,Z"]
[PlyCount "52"]
[EventDate "2000.07.07"]
[EventType "tourn"]
[EventRounds "9"]
[EventCountry "DEN"]
[EventCategory "14"]
[SourceTitle "CBM 078"]
[Source "ChessBase"]
[SourceDate "2000.10.18"]
[SourceVersion "1"]
[SourceVersionDate "2000.10.18"]
[SourceQuality "1"]

1. c4 e5 2. Nc3 Nf6 3. Nf3 Nc6 4. g3 Nd4 {Dieser Springerzug wird seltener
gespielt als die Alternativen 4...Bb4, 4...Bc5 und 4...d5.} 5. Nh4 $6 {[%mdl
16384] Diese extravagante Fortsetzung ist interessant, aber nicht die beste
Wahl für Weiß. Ein guter Zug wäre 5.Bg2.} (5. Nxd4 exd4 6. Nd5 h5 7. h4 Ng4 8.
Qc2 Bc5 9. Qe4+ Kf8 10. b4 Bd6 11. Bb2 c6 12. Nf4 Qe7 13. Qxe7+ Bxe7 14. Nd3
Bf6 15. Nc1 a5 16. bxa5 c5 17. Nb3 d6 18. Bg2 Ra7 19. O-O Ne5 20. d3 Bd7 21. a6
b5 22. cxb5 Bxb5 {0-1 Dwyer,D-Galliamova,A/Koszalin 1997/CBM 59 ext (50)}) 5...
c6 {Schwarz bereitet den Zug d7-d5 vor, sein Springer kann bequem nach e6
ziehen.} (5... g5 6. Nf3 Nxf3+ 7. exf3 Bc5 8. Qe2 Qe7 9. d3 Rg8 10. h4 h6 11.
hxg5 hxg5 12. Bxg5 Rxg5 13. Nd5 Qd6 14. Rh8+ Ng8 15. f4 Rg6 16. fxe5 $18 {
Botterill,G-Botto/England 1977/Inf 24 (16)}) 6. e3 Ne6 7. d4 (7. Bg2 g6 (7...
Bb4 8. O-O O-O 9. d4 exd4 10. exd4 d5 11. cxd5 cxd5 12. Qb3 Qa5 13. Rd1 Rd8 14.
Nf5 Bd7 15. Bd2 Bc6 16. a3 Bxc3 17. Bxc3 Qa4 18. Qb4 a5 19. Qe7 Ne4 20. Bxe4
dxe4 21. d5 Rd7 22. Nh6+ {1-0 Liberzon,V-Tatai,S/Beersheba 1976/MCL (22)}) 8.
d4 exd4 9. exd4 d5 10. cxd5 cxd5 11. O-O Bg7 12. Be3 O-O 13. Qb3 Qa5 14. Rfd1
Rd8 15. h3 Bd7 16. Nf3 Bc6 17. Ne5 Qb6 18. Qxb6 axb6 19. a3 Ne4 20. Nxc6 {
1/2-1/2 Huzman,A-Svidler,P/Haifa 2000/CBM 74 ext (20)}) 7... exd4 8. exd4 d5
$15 {[%csl Rh4] Schwarz hat eine bequeme Stellung mit Initiative im Zentrum,
während der weiße Nh4 schlecht. Es ist bemerkenswert, dass ein so routinierter
Spieler wie Gulko schon nach acht Zügen so schlecht steht.} 9. c5 (9. cxd5 Nxd5
10. Bg2 Bb4 11. Bd2 Ndf4 $1 $15) 9... b6 10. b4 (10. cxb6 axb6 $15 (10... Qxb6
11. Nf3 $11)) 10... a5 {Schwarz geht sofort zum Angriff gegen die weiße
Bauernkette am Damenflügel über.} 11. Na4 Nd7 $1 (11... bxc5 12. bxc5 $11) (
11... axb4 $6 12. Nxb6 $14) 12. b5 {Die natürlichen Züge sind schlecht, daher
versucht Weiß, im Trüben zu fischen.- Eine Kuriosität am Rande: beide
Großmeister spielten bis hierher nur Springer- und Bauernzüge!} (12. a3 $2 axb4
13. axb4 b5 $19) 12... Bb7 13. Ba3 (13. cxb6 Nxb6 $15) 13... bxc5 14. dxc5
Ndxc5 {Schwarz hat einen Mehrbauern, und es ist keineswegs leicht für Weiß,
Gegenspiel zu finden.} 15. Rc1 $2 {[%mdl 8192] Statt dieser Fortsetzung täte
Weiß besser daran, die Stellung zu vereinfachen.} (15. Nxc5 $5 Bxc5 16. Bxc5
Nxc5 17. Rc1 O-O 18. Be2 (18. Rxc5 Qe7+ $19 {[%cal Re7c5,Re7e1]}) 18... Qe7 19.
Nf5 Qe4 20. O-O Qxf5 21. Rxc5 $44 {Weiß hat zwar einen Bauern weniger, behält
aber noch einige Rettungschancen.}) 15... Nxa4 16. Bxf8 (16. Qxa4 Bxa3 17. Qxa3
c5 $17) 16... Kxf8 (16... Nb2 $5 17. Qb3 Nc4 18. Ba3 (18. bxc6 Bxc6 19. Ba3 a4
20. Qc3 d4 $19) 18... a4 19. Qb4 c5 $19) 17. bxc6 (17. Qxa4 c5 $17) 17... Bxc6
18. Rxc6 Qe8 $1 $19 {[%cal Re8c6,Re8e1] Ich vermute, dass Weiß diese
Fortsetzung übersehen hatte.} 19. Rc1 {Dieser Zug hilft nichts mehr, aber
guter Rat war ohnehin schon teuer.} Nf4+ 20. Kd2 (20. Be2 Nb2 $19 {[%cal Rb2d1,
Rb2d3,Rd3e1,Rd3c1]}) 20... Qe4 $1 {[%cal Re4d4,Rd4d2,Re4h1]} 21. gxf4 Qxf4+ 22.
Ke1 (22. Kc2 Rc8+ 23. Kb1 Rb8+ 24. Kc2 Rb2+ 25. Kd3 Qe4#) 22... Qe4+ 23. Kd2
Qb4+ (23... Qxh4 $19) 24. Ke2 Qe4+ 25. Kd2 Qxh4 $19 {Weiß hat zwei Bauern
weniger, sein König befindet sich im Mattnetz in der Mitte des Brettes.} 26.
Qf3 (26. Qb3 Qf4+ 27. Qe3 Qb4+ 28. Kc2 Rc8+ $19) 26... Qb4+ (26... Qb4+ 27. Kd1
Nb2+ 28. Ke2 (28. Kc2 Rc8+ $19) 28... Re8+ $19) 0-1

[Event "Mitropa Cup 21st"]
[Site "Leipzig"]
[Date "2002.05.05"]
[Round "3.1"]
[White "Huebner, Robert"]
[Black "Ruck, Robert"]
[Result "1-0"]
[WhiteElo "2628"]
[BlackElo "2569"]
[Annotator "Ribli,Z"]
[PlyCount "81"]
[EventDate "2002.05.03"]
[EventType "team-tourn"]
[EventRounds "9"]
[EventCountry "GER"]
[SourceTitle "CBM 089"]
[Source "ChessBase"]
[SourceDate "2002.08.12"]
[SourceVersion "1"]
[SourceVersionDate "2002.08.12"]
[SourceQuality "1"]
[WhiteTeam "Germany"]
[BlackTeam "Hungary"]
[WhiteTeamCountry "GER"]
[BlackTeamCountry "HUN"]

1. c4 e5 2. Nc3 Nf6 3. g3 d5 4. cxd5 Nxd5 5. Bg2 Nb6 6. d3 Be7 7. Nf3 Nc6 {
Wir haben eigentlich die Drachenvariante der Sizilianischen Verteidigung vor
uns - mit vertauschten Farben, versteht sich. In dieser asymmetrischen
Stellung gibt es gewöhnlich beiderseitige Chancen - Weiß bekommt etwas
Initiative am Damenflügel, während Schwarz Übergewicht im Zentrum hat.} 8. O-O
O-O 9. a3 Re8 {Dieser Turmzug und 9...Be6!? sind die besten Fortsetzungen.} (
9... f5) (9... a5) (9... Be6 $5) 10. b4 Bf8 (10... a5 11. b5 Nd4 12. Bb2 (12.
Rb1) (12. Nxe5 Bf6 13. f4 Bxe5 14. fxe5 Rxe5 15. Bf4 Re7 $13) 12... Bf8 {
Diese Variante führt durch Zugumstellung zurück zu unserer Partie.}) 11. Bb2 (
11. Rb1) 11... a5 (11... Bg4 12. h3 Bh5 13. Rc1 Qd7 14. g4 Bg6 15. Nh4 a6 16.
Ne4 $14) 12. b5 Nd4 13. Nd2 {Das ist die typische Fortsetzung - Weiß tauscht
seinen Springer nicht ab und will den Nd4 anschließend mit e2 - e3 verjagen.
13.e3 kommt allerdings auch in Betracht.} (13. e3 $5 Nxf3+ 14. Bxf3 a4 15. Qc2
Bf5 $5 16. Rfd1 Ra7 17. Be4 Be6 18. d4 $1 Bb3 19. Bxh7+ Kh8 20. Qf5 $44 {
1-0 Sturua,Z-Xu,J/Istanbul (ol) 80/22 2000/[Sturua,Z] (30)}) (13. Nxd4 exd4 14.
Na4 Nxa4 15. Qxa4 Bc5 (15... Rxe2 16. Bxd4 $14) 16. Qc2 Bb6 17. a4 Rb8 18. Ba3
Be6 19. Rfc1 Bd5 20. Bxd5 Qxd5 $11) 13... c6 (13... a4 14. e3 Ne6 15. Nc4 (15.
Nf3) 15... Nc5 16. Nxb6 cxb6 17. d4 Nb3 18. dxe5 Nxa1 19. Qxa1 $36 {Weiß hat
mehr als nur ausreichende Kompensation für die Qualität.}) 14. bxc6 Nxc6 15.
Nb5 {Interessanterweise wählte der ungarische GM früher mit Weiß den anderen
Springerzug 15.Na4.} (15. Na4 Nxa4 16. Qxa4 Bd7 17. Qd1 a4 18. Rc1 Ra5 19. Rc4
Qa8 20. Qa1 Be6 21. Rc2 Bd5 22. Bxd5 Rxd5 23. Rfc1 Nd4 24. Bxd4 exd4 25. Nf3
Qd8 26. Nxd4 Bxa3 27. Ne6 fxe6 28. Qxa3 b5 29. Rc7 {1/2-1/2 Ruck,R-Fogarasi,T/
Budapest 1993/CBM 37 ext (37)}) (15. Rc1) (15. a4) (15. Rb1) 15... a4 16. Rb1
Bg4 {Dieser Läuferzug ist nicht schlecht, aber die Alternative 16...Be6
scheint mir logischer.} (16... Be6 17. e3 Ba2 (17... Qd7 $5 {[%cal Ga8d8]}) 18.
Rc1 Bd5 19. Nf3 e4 20. Nfd4 Nxd4 (20... exd3 21. Bxd5 Nxd5 22. Qxd3 $14) 21.
Bxd4 Bc6 22. Rb1 Nd7 23. dxe4 $6 (23. Bxe4 $1 Bxe4 24. dxe4 Nc5 25. Bxc5 Bxc5
26. Qc2 $14) 23... Ra5 $2 (23... Nc5 $8 24. Bxc5 Bxc5 25. Qc2 b6 $44) 24. Na7
$1 Rxa7 25. Bxa7 {1-0 Petursson,M-Fernandez Garcia,J/Novi Sad 1990/TD/
[Petursson] (41)}) 17. Re1 (17. h3 $6 Be6 {[%cal Gd8d7,Gd7h3] Anschließend
kann Schwarz den Ph3 mit Qd7 angreifen.}) 17... Qd7 18. Ba1 Be6 $13 {In dieser
Stellung gibt es Schwächen auf beiden Seiten. Weiß hat die halboffene b-Linie,
und sein Bg2 ist sehr stark, dafür kontrolliert Schwarz das Feld d4. Der
schwarze Läufer gelangt nun von g4 zurück nach e6, wo er tatsächlich besser
steht.} 19. Qc2 Rec8 {[%cal Gc8c2]} 20. Qb2 f6 {Dieser Zug dient der Stärkung
der schwarzen Bauernstellung.} {[#]} 21. d4 Nb4 $2 {[%mdl 2048] Diese auf den
ersten Blick gut wirkende Fortsetzung erweist sich als zu optimistisch.} (21...
Bd5 {Nach diesem Zug kann Weiß entweder seinen Bg2 abtauschen oder e2-e4
ziehen, wodurch er aber seinen Läufer einschließen würde.} 22. e4 (22. Bxd5+
Nxd5 23. e4 Nb6 24. d5 Nb4) 22... Nc4 23. Nxc4 Bxc4 $13) (21... Qf7 $13) (21...
exd4 $1 22. Nxd4 Nxd4 23. Qxd4 (23. Qxb6 Nc2 $17) 23... Qxd4 24. Bxd4 Nc4 25.
Nxc4 Rxc4 26. Bxb7 Re8 $15 {[%csl Ra3,Ga4]} (26... Rb8)) 22. dxe5 $1 {[%mdl 64]
Dieser Zwischenzug kam als große Überraschung für Schwarz. Weiß hat keine
Angst vor dem Eindringen des Turms nach c2.} (22. axb4 $2 a3 $1 23. Nxa3 Na4 {
[%csl Rb2]} 24. Qc2 Rxc2 25. Nxc2 Rc8 $17) 22... Rc2 (22... Qxb5 23. exf6 $16 (
23. Bxb7 Rc2 $6 24. Qxc2 Nxc2 25. Rxb5 Rd8 26. Rc1 Rxd2 27. Rxb6 $18)) (22...
fxe5 23. axb4 Qxb5 24. Bxb7 $16) 23. Qd4 Rxd2 (23... Qxb5 24. exf6 $1 Nc4 25.
fxg7 Bc5 26. Qf6 Re8 27. Nxc4 Qxc4 28. axb4 $16) 24. Qxb6 Nc2 (24... Nd5 25.
Bxd5 Bxd5 26. Nc7 Rc8 27. Nxd5 Qxd5 28. exf6 $16) 25. Rf1 $1 (25. exf6 $2 Nxe1
26. Rxe1 Ra6 27. Qxb7 Qxb7 28. Bxb7 Rb6 $17) 25... Nxa1 (25... Nxa3 26. Nxa3
Bxa3 27. exf6 $16) 26. Nc7 {[%csl Gc7][%cal Rc7a8,Rc7e6]} Ba2 (26... Nc2 27.
Nxa8 (27. Nxe6 Nxa3 28. Bxb7 Re8 (28... Rb8 29. Nxf8 Rxf8) 29. Nxf8 Rxf8 30.
Bc6 Qd8 (30... Qe6 31. Bxa4 Qxb6 32. Rxb6 fxe5 33. Bb3+ Kh8 34. Ra1 Nc2 35. Ra2
$18) 31. Qxd8 Rfxd8 32. Rb7 fxe5 33. Bxa4 Rxe2 34. Ra1 Nc2 35. Bxc2 Rxc2 36.
Raa7 $16) 27... Nxa3 28. Nc7 (28. Ra1 fxe5 29. Nc7 Bb3 $132) 28... Nxb1 29.
Nxe6 Nc3 30. Nxf8 Nxe2+ 31. Kh1 Kxf8 32. exf6 $16) 27. Rxa1 Rc8 28. Rxa2 $1 (
28. Rfc1 $2 Bxa3 $132) 28... Rxa2 29. Bd5+ {[%cal Rd5a2,Rd5g8]} Kh8 30. Bxa2
Qxc7 (30... Rxc7 31. exf6 $16) 31. Qe6 Bxa3 32. exf6 $16 {[%csl Rh8] Weiß hat
zwar nur einen Bauern mehr, aber die schwarze Königsstellung ist ebenso
schwach wie die schwarzen Bauern am Damenflügel.} gxf6 33. Qxf6+ Qg7 34. Qe6 {
Weiß hält die Damen natürlich auf dem Brett.} Rf8 (34... Rb8 35. Rd1 $16) 35.
Qc4 Qb2 $2 $138 (35... Ra8 $5 36. e4 $16) 36. Rb1 Qf6 37. f3 {[%cal Rb1b7,
Rc4a4] Alles in der weißen Stellung ist verteidigt, und Schwarz verliert einen
weiteren Bauern.} Qe5 38. Rxb7 $18 {Weiß hat nicht nur zwei Mehrbauern,
sondern auch entscheidende Kontrolle über die weißen Felder.} Bc5+ 39. Kg2 Qe3
{Das schwarze Gegenspiel ist ungefährlich.} 40. Bb1 {[%cal Rb7h7,Rh7h8]} Qg1+
41. Kh3 1-0